<?xml version="1.0" encoding="UTF-8"?><marc:collection xmlns:marc="http://www.loc.gov/MARC21/slim">
  <marc:record>
    <marc:leader>00000nam##2200000za#4500</marc:leader>
    <marc:controlfield tag="001">9.644338</marc:controlfield>
    <marc:controlfield tag="003">CaOODSP</marc:controlfield>
    <marc:controlfield tag="005">20230719134952</marc:controlfield>
    <marc:controlfield tag="007">cr |||||||||||</marc:controlfield>
    <marc:controlfield tag="008">150407|2015||||xxc|||||o    f|0| 0 fre|d</marc:controlfield>
    <marc:datafield tag="040" ind1=" " ind2=" ">
      <marc:subfield code="a">CaOODSP</marc:subfield>
      <marc:subfield code="b">fre</marc:subfield>
    </marc:datafield>
    <marc:datafield tag="043" ind1=" " ind2=" ">
      <marc:subfield code="a">n-cn---</marc:subfield>
    </marc:datafield>
    <marc:datafield tag="086" ind1="1" ind2=" ">
      <marc:subfield code="a">DP5-1/2015F-PDF</marc:subfield>
    </marc:datafield>
    <marc:datafield tag="110" ind1="1" ind2=" ">
      <marc:subfield code="a">Canada. </marc:subfield>
      <marc:subfield code="b">Commission d'examen des plaintes concernant la police militaire.</marc:subfield>
    </marc:datafield>
    <marc:datafield tag="245" ind1="1" ind2="0">
      <marc:subfield code="a">Rapport final au terme d'une audience d'intérêt public conformément au paragraphe 250.38(1) de la Loi sur la défense nationale portant sur une plaine concernant la conduite du Sergent David Mitchell, du Maître de 2e classe Eric McLaughlin, du Sergent Matthew Ritco, du Sergent Scott Shannon, de l'Adjudant Jon Bigelow, de l'Adjudant (à la retraite) Sean Bonneteau, de l'Adjudant Blair Hart, de l'Adjudant-maître Ross Tourout, de l'Adjudant-chef (à la retraite) Barry Watson, du Major Daniel Dandurand, du Lieutenant-colonel Brian Frei, du Lieutenant-colonel (à la retraite) Bud Garrick et du Lieutenant-colonel Gilles Sansterre : </marc:subfield>
      <marc:subfield code="h">[ressource électronique]</marc:subfield>
      <marc:subfield code="b">volume 1 de 3 / </marc:subfield>
      <marc:subfield code="c">M. Glenn M. Stannard, O.O.M., Président. </marc:subfield>
    </marc:datafield>
    <marc:datafield tag="246" ind1="1" ind2="7">
      <marc:subfield code="a">Commission d’examen des plaintes concernant la police militaire - Rapport final CPPM 2011-004</marc:subfield>
    </marc:datafield>
    <marc:datafield tag="260" ind1=" " ind2=" ">
      <marc:subfield code="a">Ottawa - Ontario : </marc:subfield>
      <marc:subfield code="b">Commission d'examen des plaintes concernant la police militaire </marc:subfield>
      <marc:subfield code="c">Le 10 mars 2015.</marc:subfield>
    </marc:datafield>
    <marc:datafield tag="300" ind1=" " ind2=" ">
      <marc:subfield code="a">1324p.</marc:subfield>
    </marc:datafield>
    <marc:datafield tag="500" ind1=" " ind2=" ">
      <marc:subfield code="a">«Loi sur la défense nationale – Partie IV Article 250.53»</marc:subfield>
    </marc:datafield>
    <marc:datafield tag="590" ind1=" " ind2=" ">
      <marc:subfield code="a">15-11</marc:subfield>
      <marc:subfield code="b">2015-03-13</marc:subfield>
    </marc:datafield>
    <marc:datafield tag="691" ind1="0" ind2="7">
      <marc:subfield code="a">Enquête</marc:subfield>
      <marc:subfield code="2">gcpds</marc:subfield>
    </marc:datafield>
    <marc:datafield tag="691" ind1="0" ind2="7">
      <marc:subfield code="a">Personnel militaire</marc:subfield>
      <marc:subfield code="2">gcpds</marc:subfield>
    </marc:datafield>
    <marc:datafield tag="775" ind1="0" ind2="8">
      <marc:subfield code="t">Final report following a public interest hearing pursuant to Subsection 250.38(1) of the National Defence Act with respect to a complaint concerning the conduct of Sergeant David Mitchell; Petty Officer, 2nd Class Eric McLaughlin; Sergeant Matthew Ritco; Sergeant Scott Shannon; Warrant Officer Jon Bigelow; Warrant Officer (retired) Sean Bonneteau; Warrant Officer Blair Hart; Master Warrant Officer Ross Tourout; Chief Warrant Officer (retired) Barry Watson; Major Daniel Dandurand; Lieutenant-Colonel Brian Frei; Lieutenant-Colonel (Retired) Bud Garrick; and Lieutenant-Colonel Gilles Sansterre </marc:subfield>
      <marc:subfield code="w">(CaOODSP)9.700446</marc:subfield>
    </marc:datafield>
    <marc:datafield tag="856" ind1="4" ind2="0">
      <marc:subfield code="a">http://publications.gc.ca</marc:subfield>
      <marc:subfield code="q">PDF</marc:subfield>
      <marc:subfield code="s">64.24 Mo</marc:subfield>
      <marc:subfield code="u">https://publications.gc.ca/collections/collection_2015/cppm-mpcc/DP5-1-2015-fra.pdf</marc:subfield>
    </marc:datafield>
    <marc:datafield tag="986" ind1=" " ind2=" ">
      <marc:subfield code="a">CPPM 2011-004</marc:subfield>
    </marc:datafield>
  </marc:record>
</marc:collection>
